| 000 | 00357nam a2200109 4500 | ||
|---|---|---|---|
| 082 | _a658.403 E553s | ||
| 100 | _aEmery, James C. | ||
| 245 | _aSistemas de planeamiamiento y control en la empresa Teoria y tecnologia / James C. Emery | ||
| 260 | _aArgentina : El ateneo | ||
| 300 | _a197p. / 19 c. | ||
| 650 | _a1. SISTEMAS DE PLANEAMIENTO Y CONTROL \ 2. EMPRESA | ||
| 999 |
_c23400 _d23400 |
||